000
00264nam a22001217a 4500
008
180620b xxu||||| |||| 00| 0 eng d
041
_a
eng
080
_a
070
100
_a
40
101
_a
MK
245
_a
Të shpëtojmë komunikimin
_c
Wolton,D
942
_2
udc
_c
BK
999
_c
46619
_d
46619